Regeneration boost for historic communities (Record no. 81195)

MARC details
000 -LEADER
fixed length control field 01120cad a22002055a 4500
001 - CONTROL NUMBER
control field E146597
008 - FIXED-LENGTH DATA ELEMENTS--GENERAL INFORMATION
fixed length control field 090206e20090206xxk 000 0 eng d
035 ## - SYSTEM CONTROL NUMBER
System control number (Sirsi) u146597
041 0# - LANGUAGE CODE
Language code of text/sound track or separate title eng
110 2# - MAIN ENTRY--CORPORATE NAME
Corporate name or jurisdiction name as entry element Historic Scotland
9 (RLIN) 2914
245 00 - TITLE STATEMENT
Title Regeneration boost for historic communities
Medium [electronic resource]
260 ## - PUBLICATION, DISTRIBUTION, ETC.
Date of publication, distribution, etc. 2009
490 ## - SERIES STATEMENT
Series statement Historic Scotland News Release
Volume/sequential designation 6 February 2009
520 ## - SUMMARY, ETC.
Summary, etc. The latest tranche of grants made under Historic Scotland's Conservation Area Regeneration Scheme have been announced. Nine areas will benefit from the funding, which is aimed at regenerating areas which are economically or socially disadvantaged. The areas receiving grant aid are Callander; Cumbernauld Village; Cumnock; Kirkcaldy; Stromness; Kelso; Blair Atholl; Haddington; Paisley.
590 ## - LOCAL NOTE (RLIN)
Local note KA
651 #4 - SUBJECT ADDED ENTRY--GEOGRAPHIC NAME
Geographic name Scotland
Chronological subdivision 1999-
690 ## - LOCAL SUBJECT ADDED ENTRY--TOPICAL TERM (OCLC, RLIN)
Topical term or geographic name as entry element BUILT ENVIRONMENT-BUILDING TYPES-ANCIENT MONUMENTS AND HISTORIC BUILDINGS
856 40 - ELECTRONIC LOCATION AND ACCESS
Uniform Resource Identifier <a href="https://www.historic-scotland.gov.uk/index/news/news_article.htm?articleid=21705">https://www.historic-scotland.gov.uk/index/news/news_article.htm?articleid=21705</a>
Public note View the news release free of charge at www.historic-scotland.gov.uk...
942 ## - ADDED ENTRY ELEMENTS (KOHA)
Suppress in OPAC 0
Holdings
Withdrawn status Lost status Source of classification or shelving scheme Damaged status Not for loan Home library Current library Shelving location Date acquired Total Checkouts Full call number Barcode Date last seen Copy number Price effective from Koha item type
    Dewey Decimal Classification     Virtual Virtual Online 06/02/2009   ONLINE PUBLICATION 146597-2001 06/08/2019 1 06/08/2019 Journal article